Match Queen songs to the album by its cover - Statistics

General Stats
  • This quiz has been taken 29 times
  • The average score is 29 of 40
Answer Stats
Hint Answer % Correct
Somebody To Love
87%
A Kind Of Magic
83%
We Will Rock You
83%
We Are The Champions
83%
I Want To Break Free
83%
Play The Game
83%
Don't Stop Me Now
83%
Bohemian Rhapsody
83%
I'm In Love With My Car
83%
The Show Must Go On
78%
Heaven For Everyone
78%
Spread Your Wings
78%
Radio Ga Ga
78%
Hammer To Fall
78%
Under Pressure
78%
Bicycle Race
78%
Love Of My Life
78%
These Are The Days Of Our Lives
74%
I'm Going Slightly Mad
74%
Mother Love
74%
I Want It All
74%
You're My Best Friend
74%
Princes Of The Universe
70%
Killer Queen
70%
Another One Bites The Dust
70%
Breakthru
70%
Fat Bottomed Girls
70%
Liar
70%
One Vision
65%
Seven Seas Of Rhye
65%
It's A Hard Life
65%
Body Language
65%
The Invisible Man
65%
Who Wants To Live Forever
61%
Too Much Love Will Kill You
61%
Staying Power
61%
Crazy Little Thing Called Love
61%
Friends Will Be Friends
57%
Scandal
52%
You Don't Fool Me
48%
No matching quizzes found
Score Distribution
Percent of People with Each Score
Percentile by Number Answered
Your Score History
You have not taken this quiz